000
00279nam a22001337a 4500
008
170313b xxu||||| |||| 00| 0 eng d
020
_a
9780760749494
041
_a
eng
080
_a
591
100
_a
7
101
_a
SHM
245
_a
HORSES RIDING
_c
DRAFER.J
942
_2
udc
_c
BK
999
_c
7641
_d
7641